Informe final : (Record no. 108345)
[ view plain ]
| 000 -CABECERA | |
|---|---|
| campo de control de longitud fija | 01191nam a2200337 a 4500 |
| 001 - NÚMERO DE CONTROL | |
| campo de control | 000111884 |
| 003 - IDENTIFICADOR DEL NÚMERO DE CONTROL | |
| campo de control | CHAP |
| 005 - FECHA Y HORA DE LA ÚLTIMA TRANSACCIÓN | |
| campo de control | 20240520133519.0 |
| 008 - DATOS DE LONGITUD FIJA--INFORMACIÓN GENERAL | |
| campo de control de longitud fija | 150928s2012 mx a |r| |||||||spa d |
| 010 ## - NÚMERO DE CONTROL DE LA BIBLIOTECA DEL CONGRESO | |
| Número de control de LC | 108345 |
| 011 ## - ENLACE DEL NUMERO DE CONTROL DE LA BIBLIOTECA DEL CONGRESO [OBSOLETO] | |
| Número de control de LC | 109317 |
| 040 ## - FUENTE DE LA CATALOGACIÓN | |
| Centro/agencia transcriptor | CHAP |
| 090 ## - LOCALMENTE ASIGNADO TIPO-LC NÚMERO DE CLASIFICACIÓN (OCLC); NÚMERO DE CLASIFICACIÓN LOCAL (RLIN) | |
| Número de clasificación (OCLC) (R) ; Numero de clasificación, CALL (RLIN) (NR) | Folleto 1473 |
| 100 1# - ENTRADA PRINCIPAL--NOMBRE DE PERSONA | |
| Nombre de persona | Riegelhaupt, Enrique |
| 9 (RLIN) | 129879 |
| 245 10 - MENCIÓN DE TÍTULO | |
| Título | Informe final : |
| Resto del título | inventario de proyectos de investigación, desarrollo y transferencia de tecnologías en materia de bioenergéticos / |
| Mención de responsabilidad, etc. | por Enrique Riegelhaupt, Laura Cecotti y Juan Pablo Gutiérrez. |
| 260 ## - PUBLICACIÓN, DISTRIBUCIÓN, ETC. | |
| Lugar de publicación, distribución, etc. | Morelia, Mich. : |
| Nombre del editor, distribuidor, etc. | Red Mexicana de Bioenergía : |
| -- | COFUPRO : |
| -- | SAGARPA, |
| Fecha de publicación, distribución, etc. | c2012. |
| 300 ## - DESCRIPCIÓN FÍSICA | |
| Extensión | 26 p. : |
| Otras características físicas | il. |
| Material acompañante/anejo | + CD (4 3/4 Plg.) |
| 590 ## - NOTA LOCAL (RLIN) | |
| Nota local | E11695DGD |
| Procedencia (VM) [OBSOLETO] | 10 |
| Condición del los carretes individuales (VM) [OBSOLETO] | 20150929 |
| 590 ## - NOTA LOCAL (RLIN) | |
| Nota local | E6096MTM |
| Procedencia (VM) [OBSOLETO] | 05 |
| Condición del los carretes individuales (VM) [OBSOLETO] | 20150928 |
| 590 ## - NOTA LOCAL (RLIN) | |
| Nota local | E6096MTM |
| Procedencia (VM) [OBSOLETO] | 05 |
| Condición del los carretes individuales (VM) [OBSOLETO] | 20150928 |
| 650 14 - PUNTO DE ACCESO ADICIONAL DE MATERIA--TÉRMINO DE MATERIA | |
| Término de materia o nombre geográfico como elemento de entrada | Agricultura |
| Subdivisión general | Innovaciones tecnológicas. |
| 9 (RLIN) | 1565 |
| 650 14 - PUNTO DE ACCESO ADICIONAL DE MATERIA--TÉRMINO DE MATERIA | |
| Término de materia o nombre geográfico como elemento de entrada | Agricultura |
| Subdivisión general | Investigación. |
| 9 (RLIN) | 1577 |
| 650 14 - PUNTO DE ACCESO ADICIONAL DE MATERIA--TÉRMINO DE MATERIA | |
| Término de materia o nombre geográfico como elemento de entrada | Bioenergética. |
| 9 (RLIN) | 12730 |
| 650 14 - PUNTO DE ACCESO ADICIONAL DE MATERIA--TÉRMINO DE MATERIA | |
| Término de materia o nombre geográfico como elemento de entrada | Bioenergía. |
| 9 (RLIN) | 12731 |
| 650 14 - PUNTO DE ACCESO ADICIONAL DE MATERIA--TÉRMINO DE MATERIA | |
| Término de materia o nombre geográfico como elemento de entrada | Transferencia de tecnología. |
| 9 (RLIN) | 114619 |
| 700 1# - PUNTO DE ACCESO ADICIONAL--NOMBRE DE PERSONA | |
| Nombre de persona | Cecotti, Laura |
| 9 (RLIN) | 129880 |
| 700 1# - PUNTO DE ACCESO ADICIONAL--NOMBRE DE PERSONA | |
| Nombre de persona | Gutiérrez, Juan Pablo |
| 9 (RLIN) | 129881 |
| 901 ## - ELEMENTOS DE DATOS A LOCAL LDA (RLIN) | |
| a | BK |
| 942 ## - ELEMENTOS DE PUNTO DE ACCESO ADICIONAL (KOHA) | |
| Tipo de ítem Koha | Folleto |
| Fuente del sistema de clasificación o colocación | Dewey Decimal Classification |
| 942 ## - ELEMENTOS DE PUNTO DE ACCESO ADICIONAL (KOHA) | |
| Suprimir en OPAC | 0 |
| Fuente del sistema de clasificación o colocación | Dewey Decimal Classification |
| Estado de retiro | Estado de pérdida | Fuente del sistema de clasificación o colocación | Estado dañado | Restricciones de uso | No para préstamo | Código de colección | Localización permanente | Ubicación/localización actual | Ubicación en estantería | Fecha de adquisición | Información codificada de la localización en otra ubicación | Total de préstamos | Signatura topográfica completa | Código de barras | Fecha visto por última vez | Precio válido a partir de | Tipo de ítem Koha | Nota pública |
|---|---|---|---|---|---|---|---|---|---|---|---|---|---|---|---|---|---|---|
| Clasificación Universidad Autónoma de Chapingo | Préstamo interno | Folletos | Biblioteca Central | Biblioteca Central | Planta alta - Área de Tesis - Folletos | 28/09/2015 | FOLL | Folleto 1473 | 33724002507090 | 31/12/2019 | 28/09/2015 | Folleto | ||||||
| Dewey Decimal Classification | Préstamo interno | Material multimedia | Biblioteca Central | Biblioteca Central | Planta Principal - Área de préstamo - Mat. Multimedia | 20/05/2024 | Folleto 1473 | 33724002585779 | 20/05/2024 | 20/05/2024 | CD | Material complementario |
